000 00729cam a22002411 4500
999 _c658
_d658
001 1227168
003 GZU
005 20200910094432.0
008 780620s1967 nyua 000 0 eng
010 _a 67015434
040 _aDLC
_cMB
_dDLC
050 0 0 _aHB 171.5
_bSAM 1967
082 0 0 _a330
100 1 _aSamuelson, Paul A.
_q(Paul Anthony),
_d1915-2009.
245 0 0 _aEconomics;
_ban introductory analysis
_c[by] Paul A. Samuelson.
250 _a7th ed.
260 _aNew York,
_bMcGraw-Hill
_c[1967]
300 _axxi, 821 p.
_billus. (part col.)
_c24 cm.
504 _aBibliographical footnotes.
650 0 _aEconomics.
906 _a7
_bcbc
_corignew
_du
_eocip
_f19
_gy-gencatlg
942 _2lcc
_cBK
_e17 th ed.
_h171.5
_iSAM
_kHB